Dr. Kovács Viktor rendőrkapitány tragédiája a tisztviselő nyomor kergette a halálba

Elmentve itt :
Bibliográfiai részletek
Dokumentumtípus: Cikk
Megjelent: 1921-09-20
Sorozat:Délmagyarország 2 No. 215
Kulcsszavak:Kovács Viktor, Haláleset
Online Access:http://dmarchiv.bibl.u-szeged.hu/44950
LEADER 00475nab a2200145 i 4500
001 delm44950
005 20180927131929.0
008 180927s1921 hu o 0|| hun d
040 |a SZTE Délmagyarország Archívum  |b hun 
041 |a hun 
245 0 0 |a Dr. Kovács Viktor rendőrkapitány tragédiája   |h [elektronikus dokumentum] :  |b a tisztviselő nyomor kergette a halálba 
260 |c 1921-09-20 
300 |a 2 
490 0 |a Délmagyarország  |v 2 No. 215 
695 |a Kovács Viktor, Haláleset